| 000 | 00347nam a2200133Ia 4500 | ||
|---|---|---|---|
| 008 | 220217s9999||||xx |||||||||||||| ||und|| | ||
| 020 | _a0-07-060647-1 | ||
| 082 | _a629.8 KUM | ||
| 100 | _aKumar, Ashok | ||
| 245 | 0 | _aControl systems | |
| 260 |
_aTata mcgraw hill company Ltd _bNew Delhi _c2006 |
||
| 300 | _b199 | ||
| 650 | _aCONTROL SYSTEM | ||
| 999 |
_c174482 _d174482 |
||